| 000 | 01075nam a22003137a 4500 | ||
|---|---|---|---|
| 003 | CHAP | ||
| 005 | 20220901155705.0 | ||
| 008 | 120815s1991 it r 00010 eng d | ||
| 010 | _a103638 | ||
| 011 | _a104610 | ||
| 035 | _a115300 | ||
| 040 | _cCHAP | ||
| 090 | _aFolleto 18331 | ||
| 110 | 2 | _aFAO | |
| 245 | 1 | 0 |
_aYams and cassava development. Latin America and the Caribbean region : _bAntigua and Barbuda, Bahamas, Barbados, Belize, Dominica, Grenada, Guyana, Jamaica, Saint Kitts and Nevis, Saint Lucia, Saint Vincent and the Grenadines, Suriname, Trinidad and Tobago _c/por FAO |
| 260 |
_aRome : _bFAO, _c1991 |
||
| 300 | _a6 p. | ||
| 500 | _aAG:TCP/RLA/6768 | ||
| 590 |
_aBATCH-UPD _b10 _c20130110 |
||
| 590 |
_aBATCH-UPD _b10 _c20130410 |
||
| 590 |
_aBATCH-UPD _b10 _c20130914 |
||
| 590 |
_aCONVERSION _b10 _c20130109 |
||
| 650 | 1 | 4 |
_aÑame. _983291 |
| 650 | 1 | 4 |
_aTubérculos y cultivos de raíz. _9115479 |
| 650 | 1 | 4 |
_aYuca. _9123269 |
| 901 | _aBK | ||
| 942 |
_cFOLL _2local |
||
| 949 |
_aFolleto 18331 _bBC _cFOLL _d33724002102538 _eFAO1 _gDonaciØn _i115300 _st |
||
| 999 |
_c103638 _d103638 |
||